000 00539nam a22001817a 4500
999 _c195335
_d195335
005 20230320113031.0
010 _aENG-136470
020 _a9789354659621
_c700.00
035 _aEN-120002
037 _bDBAD/PUB
082 _a615.05
100 _aSharma, S.K.
245 _aHolistic art of living/
_cS.K. Sharma
260 _aNew Delhi
_bBhartiya Vidya Prakashan
_c2018
270 _a5824, New Chandrawal, Near Mandir, Jawahar Nagar
_bNew Delhi
_e110007
300 _a280p.
_c22cm(hbk)
942 _2ddc
_cEN
_h615.5
_mSHA